| 000 | 00794nam a22002537a 4500 | ||
|---|---|---|---|
| 003 | EG-ScBUE | ||
| 005 | 20220220105310.0 | ||
| 008 | 120710s2012 kyu f 000 d eng d | ||
| 020 | _a1406930210 | ||
| 020 | _a9781406930214 | ||
| 040 |
_aEG-ScBUE _beng _erda _cEG-ScBUE _dEG-ScBUE |
||
| 082 | 0 | 4 |
_222 _a839.727 _bSTR |
| 100 | 1 |
_930448 _aStrindberg, August, _d1849-1912, _eauthor. |
|
| 245 | 1 | 0 |
_aThere are crimes and crimes : _ba comedy / _cby August Strindberg. |
| 264 | 1 |
_aLexington, KY : _bHard Press, _c2012. |
|
| 300 |
_a78 pages ; _b20 cm |
||
| 336 |
_2rdacontent _atext _btxt |
||
| 337 |
_2rdamedia _aunmediated _bn |
||
| 338 |
_2rdacarrier _avolume _bnc |
||
| 650 | 7 |
_aSwedish drama. _2BUEsh _941996 |
|
| 653 |
_cJuly2012 _bHHUUEENN |
||
| 655 |
_vReading book _934232 |
||
| 942 |
_2ddc _cBB |
||
| 999 |
_c16840 _d16840 |
||